000 00740nam a22002177a 4500
003 UA-OsUOA
001 88486
007 ta
008 20121005b un ||||| |||| 00| 0 ukr d
090 _a82.09
_bЛ 64
942 _cBK
040 _aUA-OsUOA
_brus
_cUA-OsUOA
_dUA-OsUOA
245 _aЛитература эпохи формирования наций в центральной и юго-восточной Европе
_bПосвещение. Национальное возрождение
_cБогданова И.А.
300 _a309 с.
955 _a1
041 _arus
080 _a82.09
260 _aМ.
_bНаука
_c1982
650 7 _a82 Література. Літературознавство
_2UDC
999 _c374315
_d374315